<?xml version='1.0' encoding='UTF-8'?>
  <record xmlns="http://www.loc.gov/MARC21/slim">
    <leader>00000ctm a2200000 i 4500</leader>
    <controlfield tag="001">on1046063701</controlfield>
    <controlfield tag="003">OCoLC</controlfield>
    <controlfield tag="005">20231213210205.5</controlfield>
    <controlfield tag="008">180726s16uu    ne i          000 0cdut d</controlfield>
    <datafield tag="040" ind1=" " ind2=" ">
      <subfield code="a">QGJ</subfield>
      <subfield code="b">eng</subfield>
      <subfield code="e">rda</subfield>
      <subfield code="c">QGJ</subfield>
      <subfield code="d">QGJ</subfield>
      <subfield code="d">OCL</subfield>
      <subfield code="d">OCLCQ</subfield>
      <subfield code="d">OCLCO</subfield>
      <subfield code="d">OCLCL</subfield>
    </datafield>
    <datafield tag="035" ind1=" " ind2=" ">
      <subfield code="a">(OCoLC)1046063701</subfield>
    </datafield>
    <datafield tag="043" ind1=" " ind2=" ">
      <subfield code="a">e-ne---</subfield>
    </datafield>
    <datafield tag="100" ind1="1" ind2=" ">
      <subfield code="a">Buchell, Arend van,</subfield>
      <subfield code="d">1565-1641,</subfield>
      <subfield code="e">author.</subfield>
      <subfield code="4">aut</subfield>
      <subfield code="1">https://id.oclc.org/worldcat/entity/E39PBJvt97kGgrhYc6wBHv6BT3</subfield>
    </datafield>
    <datafield tag="242" ind1="1" ind2="0">
      <subfield code="a">Genealogies of Utrecht famiiies.</subfield>
      <subfield code="y">eng</subfield>
    </datafield>
    <datafield tag="245" ind1="1" ind2="0">
      <subfield code="a">Genealogieën van Utrechtse families /</subfield>
      <subfield code="c">Arnoldus Buchelius,</subfield>
      <subfield code="f">UBU Hs 8 F 31</subfield>
    </datafield>
    <datafield tag="246" ind1="1" ind2=" ">
      <subfield code="i">Title in card catalogue:</subfield>
      <subfield code="a">Genealogische aantekeningen</subfield>
    </datafield>
    <datafield tag="264" ind1=" " ind2="0">
      <subfield code="a">[Utrecht],</subfield>
      <subfield code="c">[between approximately 1600 and 1641]</subfield>
    </datafield>
    <datafield tag="300" ind1=" " ind2=" ">
      <subfield code="a">2 volumes :</subfield>
      <subfield code="b">color coats of arms ;</subfield>
      <subfield code="c">205 x 323 mm</subfield>
    </datafield>
    <datafield tag="336" ind1=" " ind2=" ">
      <subfield code="a">text</subfield>
      <subfield code="b">txt</subfield>
      <subfield code="2">rdacontent</subfield>
    </datafield>
    <datafield tag="336" ind1=" " ind2=" ">
      <subfield code="a">still image</subfield>
      <subfield code="b">sti</subfield>
      <subfield code="2">rdacontent</subfield>
    </datafield>
    <datafield tag="337" ind1=" " ind2=" ">
      <subfield code="a">unmediated</subfield>
      <subfield code="b">n</subfield>
      <subfield code="2">rdamedia</subfield>
    </datafield>
    <datafield tag="338" ind1=" " ind2=" ">
      <subfield code="a">volume</subfield>
      <subfield code="b">nc</subfield>
      <subfield code="2">rdacarrier</subfield>
    </datafield>
    <datafield tag="340" ind1=" " ind2=" ">
      <subfield code="a">Paper</subfield>
    </datafield>
    <datafield tag="500" ind1=" " ind2=" ">
      <subfield code="a">Volumes foliated: 1-130, I-IV and A-B.</subfield>
    </datafield>
    <datafield tag="500" ind1=" " ind2=" ">
      <subfield code="a">Incomplete: lacks fol. 1-4, 6-13, 19, 24, 28-29, 32, 41, 44, 50-51, 55-58, 62, 63?, 64, 69, 81, 89-90, 92, 94-95, 100-101, 117, 124, 127-128.</subfield>
    </datafield>
    <datafield tag="500" ind1=" " ind2=" ">
      <subfield code="a">To be considered as volume 4 (part 5) of: Genealogieën van aanzienlijke Noord- en Zuid-Nederlandse familiën, met afbeeldingen in kleuren van wapens, UBU Hs. 1780 (Hs 8 F 28-30).</subfield>
    </datafield>
    <datafield tag="520" ind1="2" ind2=" ">
      <subfield code="a">Genealogies of Utrecht families illustrated with coats of arms.</subfield>
    </datafield>
    <datafield tag="524" ind1="8" ind2=" ">
      <subfield code="a">Cite as: Universiteitsbibliotheek Utrecht Hs 8 F 31.</subfield>
    </datafield>
    <datafield tag="541" ind1="1" ind2=" ">
      <subfield code="c">Purchase at auction;</subfield>
      <subfield code="a">Bubb Kuijpers;</subfield>
      <subfield code="b">Haarlem;</subfield>
      <subfield code="d">199306</subfield>
    </datafield>
    <datafield tag="563" ind1=" " ind2=" ">
      <subfield code="a">Modern parchment or paper over pasteboards bindings.</subfield>
    </datafield>
    <datafield tag="650" ind1=" " ind2="0">
      <subfield code="a">Heraldry.</subfield>
    </datafield>
    <datafield tag="650" ind1=" " ind2="0">
      <subfield code="a">Nobility</subfield>
      <subfield code="z">Netherlands.</subfield>
    </datafield>
    <datafield tag="650" ind1=" " ind2="6">
      <subfield code="a">Héraldique.</subfield>
    </datafield>
    <datafield tag="650" ind1=" " ind2="7">
      <subfield code="a">heraldry.</subfield>
      <subfield code="2">aat</subfield>
    </datafield>
    <datafield tag="650" ind1=" " ind2="7">
      <subfield code="a">Nobility.</subfield>
      <subfield code="2">fast</subfield>
      <subfield code="0">(OCoLC)fst01038255</subfield>
    </datafield>
    <datafield tag="650" ind1=" " ind2="7">
      <subfield code="a">Genealogy.</subfield>
      <subfield code="2">fast</subfield>
      <subfield code="0">(OCoLC)fst00939652</subfield>
    </datafield>
    <datafield tag="650" ind1=" " ind2="7">
      <subfield code="a">Heraldry.</subfield>
      <subfield code="2">fast</subfield>
      <subfield code="0">(OCoLC)fst00955273</subfield>
    </datafield>
    <datafield tag="651" ind1=" " ind2="7">
      <subfield code="a">Netherlands.</subfield>
      <subfield code="2">fast</subfield>
      <subfield code="0">(OCoLC)fst01204034</subfield>
      <subfield code="1">https://id.oclc.org/worldcat/entity/E39PBJk4D96j3YTHJQfHCV3vpP</subfield>
    </datafield>
    <datafield tag="651" ind1=" " ind2="7">
      <subfield code="a">Netherlands</subfield>
      <subfield code="z">Utrecht (Province)</subfield>
      <subfield code="2">fast</subfield>
      <subfield code="0">(OCoLC)fst01330527</subfield>
    </datafield>
    <datafield tag="710" ind1="2" ind2=" ">
      <subfield code="a">Universiteit Utrecht.</subfield>
      <subfield code="b">Bibliotheek.</subfield>
      <subfield code="k">Manuscript</subfield>
      <subfield code="n">(Hs 8 F 31st)</subfield>
    </datafield>
  </record>